Quizzes
Events
Quiz Creation
Community
Videos
Private Events
Remove Ads
Sign In
Join for FREE
Feedback
Dark Mode
Quiz Categories
Sports
Geography
Music
Movies
Television
Just For Fun
Miscellaneous
History
Literature
Language
Science
Gaming
Entertainment
Religion
Holiday
For Kids
Quiz Lab
Recent
Popular Today
Quiz Kudos Today
Editor Picks
Curator Picks
Quizzes by...
Day
Popularity
Type
Ratings
Length
Year
Community
Subscriptions
Recent Discussions
Orange Saloon
Badges
Playlists
Quests
Create
Leaderboards
Showdown
Live 5
Trivia Bingo
Activity
Puzzle Library
Sporcle Events
Private Events
Virtual Trivia
Globe League
Become a Host
Pub Owners
SporcleCon
Opinionation
Our Games
Videos
Blog
Mobile Apps
Partnerships
Remove Ads and Go Orange
Feedback
Literature
Harry Potter
A Song of Ice and Fire
The Hunger Games
Literary Character
Shakespeare
Book
Author
Novel
Poem
Young Adult
Children's Books
Play
Lord of the Rings
Literature
Harry Potter
A Song of Ice and Fire
The Hunger Games
Literary Character
Shakespeare
Book
Author
Novel
Poem
Young Adult
Children's Books
Play
Lord of the Rings
Random Quiz
Search Sporcle
×
Quiz Lab
Quiz Lab
Literature
Harry Potter
Type in answers that appear in a list
Type in answers that appear in a list
Classic
Best Score? Go Orange.
A-Z of Harry Potter Stats
Can you name the things to do with Harry Potter that go in alphabetical order?
By
Squag
4m
26 Questions
109 Plays
109 Plays
109 Plays
Comments
Comments
Give Quiz Kudos
Give Quiz Kudos
-
- Ratings
hide this ad
Replay
Link that replays current quiz
Next Quiz
Link to next quiz in quiz playlist
You Got
0%
They Got
Avg Score
85%
Avg Friend Score
Upgrade to see
Score Distribution
Jump to the score distribution portion of the page
Score
0/26
Timer
04:00
0
Plays Today
Hint
Answer
% Correct
A) First name of the headmaster of Hogwarts
Albus
95.4%
J) Author of the books
J K Rowling
95.4%
B) Witch that killed Dobby (First name)
Bellatrix
94.5%
C) Surname of one of Malfoy's friends
Crabbe
93.6%
K) House Elf of the Black family
Kreacher
92.7%
Q) Sport played on a broom
Quidditch
92.7%
G) Famous bank in Diagon Alley
Gringotts
91.7%
V) Most powerful Dark Lord
Voldemort
91.7%
D) Hungarian Horntail species
Dragon
90.8%
U) Teacher that is fond of cats
Umbridge
90.8%
L) The eccentric young witch
Luna Lovegood
89.9%
E) Most powerful wand in the world
Elder Wand
89%
F) Dumbledore's phoenix
Fawkes
89%
Hint
Answer
% Correct
R) Hagrid's first name
Rubeus
89%
O) Delivers mail
Owls
88.1%
H) Town near Hogwarts
Hogsmeade
85.3%
X) Luna's Father
Xenophilius
85.3%
P) Name of the first book
Philosophers Stone
84.4%
T) Creature that attacks Hermione in the girls bathroom
Troll
83.5%
Z) Place where Dudley gets trapped in a snake enclosure
Zoo
83.5%
M) Plant that screams
Mandrake
82.6%
W) Dangerous tree at Hogwarts
Whomping Willow
82.6%
I) Third and final Deathly Hallow
Invisibility Cloak
81.7%
Y) The person that splinched Ron
Yaxley
73.4%
S) Puts the victim in an unconsious state
Stupefy
56%
N )Gift given to Harry from Sirius (Prisoner of Azkaban)
Nimbus 2000
52.3%
Quiz Playlist
Details
Report
Send in Message
Add To Playlist
Classic:
Type in answers that appear in a list
Last Updated: Feb 16, 2017
Quiz Scoreboard
CHALLENGE
Sign Up to Join the Scoreboard
Show All
Scores
Hide
Comments
May contain spoilers
Recently Published
Click the 1999 NBA Draft
by nibperrychub
Sports
2m
Alphabetical 'K' Countries by Flag Minefield
by ylime102
Geography
3m
Pick 6: Fruits
by JohnFran
Miscellaneous
15s
More to Explore
Quiz From the Vault
Featured Blog Post
15 Basketball Trivia Facts You Can Be March Mad About
hide this ad
You Might Also Like...
Tags
Harry Potter Quiz
A-Z
Today's Top Quizzes in Literature
Browse Literature
hide this ad
Today's Top Quizzes in Harry Potter
Browse Harry Potter
Top Contributed Quizzes in Literature
1
4-to-1 Blitz: Harry Potter
2
Pick 3: Harry Potter Hogwarts Quidditch Players
3
percy jackson logic puzzle
4
Jane Eyre Character Quotes
5
Season Plays
6
Harry Potter: Partnered Harry Trio Venn Diagram
7
Harry Potter Logic Quiz New
8
Cosmere Minesweeper
9
Literature Acrostic Puzzle
10
Percy Jackson Logic Puzzle (Hard!)
Explore More
Trending Topics
Anime
Kpop
Crossword
Marvel
NBA
Disney
Harry Potter
NFL
Puzzle
WWE
Country
The Office
Soccer
Pokémon
Song
hide this ad
More By:
Squag
Quiz
Plays
Rating
Category
Featured
Created
A-Z of Harry Potter
109
2.75
Literature
Jan 8, 2014
Harry Potter Characters
67
Literature
Oct 19, 2013
Magicians in anagram form
56
Entertainment
Dec 20, 2013
Swindle Characters
33
5.00
Movies
Nov 14, 2013
The Other Half of the App
13
Gaming
Nov 16, 2013
Go to Creator's Profile
Score Distribution
Quiz Creator Spotlight
Squag
Follow
Send a Message
Quizzes Created
-
Created Quiz Play Count
-
More By This Creator
Popular Quizzes Today
1
Find the US States - No Outlines Minefield
2
Countries of Asia Without Outlines Minefield
3
Pick 6: Fruits
4
The Countries of the World
5
Alphabetical 'K' Countries by Flag Minefield
6
Click the 1999 NBA Draft
7
Find the US States
8
Match the Book to the Film X
More Literature Quizzes
ASOIAF Order of the Maesters Bunker
Quiz Lab
Trending Quizzes
Pick 6: Harry Potter
Pick 6: Mountains
Pick 6: NFL Teams
Pick 6: Movie Franchises
Pick 6: Golfers
Recently Updated
Women's Final Four Teams by Year
bhenderson79
Presidents Quartet II
eogle
Anything But Clue(do)
eogle
Anything But Oceanian Capitals
eogle
Anything But 7
eogle
Anything But Thing
eogle
Word Ladder: February 29
pecheneg
Song Title Questions
pecheneg
Women's NCAA Tournament #1 Seeds
pecheneg
Celebrity Mug Shots
pecheneg
Trending Topics
Harry Potter
NBA
Marvel
Anime
Disney
Kpop
Crossword
WWE
Country
NFL
Song
Puzzle
The Office
Soccer
Pokémon
Your Account Isn't Verified!
In order to create a playlist on Sporcle, you need to verify the email address you used during registration. Go to your
Sporcle Settings
to finish the process.
Report this User
Report this user for behavior that violates our
Community Guidelines
.
Details:
Send Report
Go to the Sporcle.com Mobile Site →
Comments